[Event "Euro Online U2300 Day 1"]
[Site "chess.com INT"]
[Date "2020.05.25"]
[Round "5"]
[White "Burkhardt, Holger"]
[Black "Nareks, Matic"]
[Result "0-1"]
[WhiteElo "1987"]
[BlackElo "2015"]
[WhiteFideId "4619145"]
[BlackFideId "14629526"]
[EventDate "2020.05.25"]

1. e4 c5 2. Nc3 Nc6 3. Bb5 d6 4. Bxc6+ bxc6 5. d3 g6 6. f4 Bg7 7. Nf3 Nf6 8. O-O
O-O 9. Qe1 Rb8 10. b3 Nxe4 11. dxe4 Ba6 12. Rf2 d5 13. e5 c4 14. Be3 cxb3 15.
axb3 Qc8 16. Bxa7 Ra8 17. Bc5 Qb7 18. Nd4 Rfe8 19. Rf3 f6 20. exf6 exf6 21. Re3
Kf7 22. Ra4 Bh6 23. g3 Bf8 24. Bxf8 Kxf8 25. Rxe8+ Rxe8 26. Qa1 Qb6 27. Qa3+ Kg8
28. Qd6 Bb7 29. Rb4 Qa5 30. Na4 Bc8 31. Qc5 Qa6 32. Qxc6 Re1+ 0-1

[Event "Euro Online U2300 Day 1"]
[Site "chess.com INT"]
[Date "2020.05.25"]
[Round "5"]
[White "Talibov, Shiroghlan"]
[Black "Sieber, Fiona"]
[Result "1-0"]
[BlackTitle "WIM"]
[WhiteElo "2128"]
[BlackElo "2201"]
[WhiteFideId "13429078"]
[BlackFideId "12902373"]
[EventDate "2020.05.25"]

1. e4 c5 2. Nf3 d6 3. d4 cxd4 4. Nxd4 Nf6 5. Nc3 Nc6 6. h3 g6 7. Be3 Bg7 8. Qd2
O-O 9. g4 a6 10. f4 e5 11. Nxc6 bxc6 12. O-O-O Ne8 13. f5 Rb8 14. h4 Qa5 15. h5
Qb4 16. b3 gxf5 17. gxf5 d5 18. Na4 Qa3+ 19. Kb1 Qxa4 20. h6 Bf6 21. Bc5 dxe4
22. Rg1+ Kh8 23. Bxf8 Bxf5 24. Bd6 Rb7 25. Qc3 e3 26. Bxe5 Bxc2+ 27. Kb2 Qh4 28.
Bxf6+ Nxf6 29. Rg8+ Kxg8 30. Rd8+ 1-0

[Event "Euro Online U2300 Day 1"]
[Site "chess.com INT"]
[Date "2020.05.25"]
[Round "5"]
[White "Mishin, Alexei"]
[Black "Mravunac, Damir"]
[Result "0-1"]
[WhiteElo "2206"]
[BlackElo "2132"]
[WhiteFideId "4157940"]
[BlackFideId "14502810"]
[EventDate "2020.05.25"]

1. e4 c5 2. c3 a6 3. d4 e6 4. Nf3 cxd4 5. cxd4 Nf6 6. Nc3 Bb4 7. Bd3 Nc6 8. d5
exd5 9. exd5 Ne7 10. O-O Bxc3 11. bxc3 O-O 12. d6 Ng6 13. Nd4 b5 14. Qf3 Rb8 15.
Nf5 Re8 16. Bg5 Re6 17. Rfe1 Bb7 18. Qg3 Qe8 19. Ne7+ Kf8 20. Bxf6 gxf6 21. Qh3
Kg7 22. Rxe6 fxe6 23. Re1 Qf7 24. Re3 f5 25. Rg3 Be4 26. Bxe4 fxe4 27. Rg4 b4
28. cxb4 Rxb4 29. Qc3+ Qf6 30. Qe1 Qd4 31. h4 Kf7 32. Nxg6 hxg6 33. Qc1 Qxd6 34.
g3 e5 35. Qh6 Qf6 36. h5 Rb1+ 37. Kh2 Qxf2+ 0-1

[Event "Euro Online U2300 Day 1"]
[Site "chess.com INT"]
[Date "2020.05.25"]
[Round "5"]
[White "Timagin, Petr"]
[Black "Batashevs, Arsens"]
[Result "1-0"]
[WhiteTitle "FM"]
[WhiteElo "2337"]
[BlackElo "2166"]
[WhiteFideId "4137698"]
[BlackFideId "11603593"]
[EventDate "2020.05.25"]

1. e4 g6 2. h4 Bg7 3. h5 c5 4. Bc4 Nc6 5. d3 d6 6. h6 Bf6 7. Nc3 e6 8. Nf3 Ne5
9. Nxe5 dxe5 10. Be3 Bg5 11. Bb5+ Bd7 12. Bxd7+ Kxd7 13. Qf3 Ke8 14. O-O-O b6
15. Kb1 Bxe3 16. fxe3 Qf6 17. Qg3 Qe7 18. Qxe5 f6 19. Qg3 Qd7 20. d4 c4 21. d5
e5 22. d6 b5 23. Rd5 b4 24. Nb5 Rb8 25. Nc7+ Kf8 26. Rf1 Nxh6 27. Rxf6+ Kg7 28.
Qxe5 Ng4 29. Rxg6+ Kxg6 30. Qg5+ Kf7 31. Rf5+ Qxf5 32. Qxf5+ Nf6 1-0

[Event "Euro Online U2300 Day 1"]
[Site "chess.com INT"]
[Date "2020.05.25"]
[Round "5"]
[White "Samadov, Read"]
[Black "Ceres, Dragos"]
[Result "1-0"]
[WhiteTitle "CM"]
[BlackTitle "FM"]
[WhiteElo "2332"]
[BlackElo "2244"]
[WhiteFideId "13417444"]
[BlackFideId "13905864"]
[EventDate "2020.05.25"]

1. d4 Nf6 2. c4 e6 3. g3 c5 4. Nf3 cxd4 5. Nxd4 d5 6. Bg2 e5 7. Nf3 d4 8. O-O
Nc6 9. e3 Be7 10. exd4 exd4 11. b4 O-O 12. Bb2 d3 13. a3 Be6 14. Nbd2 Rc8 15.
Re1 Qd7 16. Rc1 Rfd8 17. c5 a6 18. Nc4 Bxc4 19. Rxc4 a5 20. b5 Na7 21. c6 bxc6
22. Ne5 Qe6 23. b6 Nb5 24. b7 Rb8 25. Rxc6 Qa2 26. Nxd3 Bxa3 27. Bxf6 gxf6 28.
Qg4+ Kh8 29. Qf5 Nd4 30. Qxf6+ Kg8 31. Rc8 Ne2+ 32. Rxe2 Qb1+ 33. Ne1 Rbxc8 34.
bxc8=Q Rxc8 35. Bd5 1-0

[Event "Euro Online U2300 Day 1"]
[Site "chess.com INT"]
[Date "2020.05.25"]
[Round "5"]
[White "Levitan, Tal"]
[Black "Rjabzev, Konstantin"]
[Result "1-0"]
[BlackTitle "IM"]
[WhiteElo "2126"]
[BlackElo "2258"]
[WhiteFideId "2804603"]
[BlackFideId "4150015"]
[EventDate "2020.05.25"]

1. e4 e5 2. Nf3 Nc6 3. Nc3 d6 4. d4 exd4 5. Nxd4 Nf6 6. Bb5 Bd7 7. Bxc6 bxc6 8.
Qf3 Be7 9. e5 dxe5 10. Nxc6 Bxc6 11. Qxc6+ Nd7 12. Be3 O-O 13. Rd1 Bd6 14. Nb5
Nf6 15. O-O Qe8 16. Qxe8 Nxe8 17. Nxa7 f5 18. f4 exf4 19. Bf2 Nf6 20. a3 Ng4 21.
Nb5 Be5 22. Bd4 Rfb8 23. Bxe5 Rxb5 24. Bc3 Ne3 25. Rd7 Nxf1 26. Rxg7+ Kf8 27.
Kxf1 Ra7 28. Rxh7 Rd5 29. h4 Rd1+ 30. Kf2 Rc1 31. h5 Rxc2+ 32. Kf3 Kg8 33. Rg7+
Kf8 34. h6 Ra6 35. Rxc7 Rxc3+ 36. Rxc3 Rxh6 37. Rc7 Rg6 38. a4 Rg3+ 39. Kxf4
Rxg2 40. a5 Rg4+ 41. Kxf5 Ra4 42. b4 Ke8 43. Rb7 Kd8 44. Ke6 Kc8 45. Rb6 Kc7 46.
Kd5 Ra1 47. Kc5 Rg1 48. Kb5 Rg5+ 49. Ka6 Rg1 50. Ka7 Rb1 51. a6 Rb2 52. b5 Rb1
53. Rb7+ Kc8 54. Rb8+ Kc7 55. b6+ Kd7 56. Kb7 1-0

[Event "Euro Online U2300 Day 1"]
[Site "chess.com INT"]
[Date "2020.05.25"]
[Round "5"]
[White "Maisuradze, Nino"]
[Black "Hansch, Torsten"]
[Result "1-0"]
[WhiteTitle "WGM"]
[BlackTitle "CM"]
[WhiteElo "2214"]
[BlackElo "2075"]
[WhiteFideId "13601717"]
[BlackFideId "4622600"]
[EventDate "2020.05.25"]

1. c4 e6 2. d4 d5 3. Nc3 Nf6 4. cxd5 exd5 5. Bg5 Be7 6. e3 O-O 7. Qc2 c6 8. Bd3
Nbd7 9. Nge2 Re8 10. O-O Nf8 11. f3 Nh5 12. Bxe7 Qxe7 13. e4 dxe4 14. fxe4 Bg4
15. Rae1 Rad8 16. Qa4 a6 17. b4 Qg5 18. Qc2 Ng6 19. e5 Be6 20. Kh1 Nf8 21. Ne4
Qe7 22. Nd6 Rxd6 23. exd6 Qxd6 24. Qc5 Qxc5 25. bxc5 Bxa2 26. Nc3 Rxe1 27. Rxe1
Be6 28. Rb1 Nf4 29. Bf1 Bc8 30. Ne4 Bf5 31. Re1 Bxe4 32. Rxe4 N4e6 33. Bc4 g5
34. Kg1 Kg7 35. Kf2 Kf6 36. Ke3 h5 37. h4 g4 38. Re5 Ng7 39. Kd3 Ng6 40. Re1
Nf4+ 41. Ke4 Nxg2 42. Rf1+ Kg6 43. Bxf7+ Kh6 44. Rh1 Kh7 45. Bc4 Ne8 46. Bf1 Ne1
47. Be2 Nc2 48. Rb1 Kg6 49. Rxb7 Nf6+ 50. Ke5 g3 51. Bd3+ 1-0

[Event "Euro Online U2300 Day 1"]
[Site "chess.com INT"]
[Date "2020.05.25"]
[Round "5"]
[White "Gerasimenyuk, Mikhail"]
[Black "Bjornsson, Gunnar"]
[Result "0-1"]
[WhiteTitle "FM"]
[WhiteElo "2133"]
[BlackElo "2131"]
[WhiteFideId "14111845"]
[BlackFideId "2302039"]
[EventDate "2020.05.25"]

1. d4 Nf6 2. Nf3 g6 3. c3 Bg7 4. Bg5 O-O 5. e3 d5 6. Nbd2 c5 7. Bd3 Nc6 8. h4
Bg4 9. Bxf6 Bxf6 10. h5 Bxh5 11. Rxh5 gxh5 12. Nh4 e5 13. Bf5 Bxh4 14. Qxh5 Re8
15. Qxh7+ Kf8 16. Qh8+ Ke7 17. Qxh4+ Kd6 18. dxc5+ Kc7 19. Qg3 Rg8 20. Qh2 Rh8
21. Bh3 Qe7 22. O-O-O Qxc5 23. Nb3 Qc4 24. f4 exf4 25. exf4 f5 26. Qg3 Rhg8 27.
Qf3 Qe4 28. Qh5 Qxf4+ 29. Kc2 Qe4+ 30. Kc1 Raf8 31. Qh7+ Kb8 32. Qd7 Rd8 33. Qf7
Ne5 34. Qe7 Nd3+ 0-1

[Event "Euro Online U2300 Day 1"]
[Site "chess.com INT"]
[Date "2020.05.25"]
[Round "5"]
[White "Hansen, Carsten"]
[Black "Albu, George"]
[Result "1-0"]
[WhiteTitle "FM"]
[WhiteElo "2270"]
[BlackElo "2142"]
[WhiteFideId "1400444"]
[BlackFideId "1237128"]
[EventDate "2020.05.25"]

1. Nf3 Nf6 2. c4 c5 3. g3 d5 4. cxd5 Nxd5 5. Bg2 Nc6 6. O-O e5 7. Nc3 Nc7 8. d3
Be7 9. Nd2 Be6 10. Bxc6+ bxc6 11. Qa4 Qd7 12. Nc4 f6 13. Be3 O-O 14. Na5 Nb5 15.
Nxc6 Nxc3 16. Nxe7+ Qxe7 17. bxc3 c4 18. dxc4 Rfc8 19. c5 Bd5 20. Rfd1 Qe6 21.
f3 h5 22. Rd2 a6 23. Rad1 Bc6 24. Qb3 Qxb3 25. axb3 a5 26. Ra1 Rab8 27. Ra3 Ra8
28. c4 Rab8 29. Rb2 Ra8 30. Bd2 Be8 31. Rxa5 Rxa5 32. Bxa5 Rxc5 33. Bb6 Rc8 34.
Be3 Kf7 35. Kf2 Ke6 36. Ke1 Rb8 37. Kd2 Kd6 38. Kc3 Bf7 39. b4 f5 40. b5 Be8 41.
f4 e4 42. Bd4 Rb7 43. e3 Ke6 44. Kb4 g6 45. h4 Rb8 46. Ra2 Rb7 47. Ra6+ Kf7 48.
b6 Bc6 49. Kc5 Be8 50. Ra7 1-0

[Event "Euro Online U2300 Day 1"]
[Site "chess.com INT"]
[Date "2020.05.25"]
[Round "5"]
[White "Skalsky, Alexandr"]
[Black "Blum, Frederik"]
[Result "1-0"]
[WhiteElo "2251"]
[BlackElo "2061"]
[WhiteFideId "381799"]
[BlackFideId "4640136"]
[EventDate "2020.05.25"]

1. e4 c5 2. Nf3 d6 3. d4 cxd4 4. Nxd4 Nf6 5. Nc3 g6 6. Be3 Bg7 7. f3 O-O 8. Qd2
Nc6 9. O-O-O Bd7 10. Kb1 Rc8 11. h4 Ne5 12. h5 Nxh5 13. Bh6 Ng3 14. Bxg7 Nxh1
15. Bxf8 Qxf8 16. Qe1 Qd8 17. Be2 Qb6 18. Nd5 Qd8 19. Qxh1 e6 20. Ne3 a5 21. Qh6
Qb6 22. f4 Nc6 23. Ng4 Nxd4 24. Nf6+ 1-0

[Event "Euro Online U2300 Day 1"]
[Site "chess.com INT"]
[Date "2020.05.25"]
[Round "5"]
[White "Prigodin, Ruslan"]
[Black "Junge, Kai"]
[Result "1-0"]
[WhiteElo "2036"]
[BlackElo "2181"]
[WhiteFideId "12801550"]
[BlackFideId "4605454"]
[EventDate "2020.05.25"]

1. d4 Nf6 2. Nf3 g6 3. Bf4 Bg7 4. e3 O-O 5. Be2 d6 6. h3 c5 7. c3 b6 8. O-O Bb7
9. Nbd2 Nbd7 10. a4 a6 11. Qb3 Qc7 12. Qa3 e5 13. Bh2 e4 14. Ne1 Rfd8 15. Nc2
Nf8 16. b4 cxb4 17. Nxb4 Ne6 18. a5 b5 19. c4 bxc4 20. Nxc4 Bf8 21. Rfc1 Qe7 22.
Nb6 Ra7 23. Nc6 Bxc6 24. Rxc6 Qe8 25. Rac1 d5 26. Bd6 Bxd6 27. Rxd6 Rc7 28. Rxd8
Qxd8 29. Bxa6 Nd7 30. Nxd7 Qxd7 31. Rxc7 Qxc7 32. Bf1 Nd8 33. a6 Qb8 34. Qc5 Qa8
35. Bb5 Kg7 36. Qb6 h5 37. a7 1-0

[Event "Euro Online U2300 Day 1"]
[Site "chess.com INT"]
[Date "2020.05.25"]
[Round "5"]
[White "Afonasieva, Anna"]
[Black "Korbal, Arkadiusz"]
[Result "1-0"]
[WhiteTitle "WIM"]
[WhiteElo "2274"]
[BlackElo "2113"]
[WhiteFideId "24173606"]
[BlackFideId "1133837"]
[EventDate "2020.05.25"]

1. d4 d5 2. Bf4 Nf6 3. e3 Bf5 4. c4 c6 5. Qb3 Qb6 6. c5 Qxb3 7. axb3 Nbd7 8. Nf3
Bxb1 9. Rxb1 Nh5 10. Bc7 f5 11. Be2 Nhf6 12. h3 g6 13. Ne5 Nxe5 14. Bxe5 Bg7 15.
g4 fxg4 16. hxg4 O-O 17. f4 Ne4 18. Bxg7 Kxg7 19. Bd3 Nf6 20. g5 Nd7 21. Kd2 e6
22. Rh6 Rfb8 23. Rbh1 Nf8 24. R6h2 b6 25. Kc3 bxc5 26. dxc5 a5 27. Ra1 Nd7 28.
Rah1 Rh8 29. Kd4 Rab8 30. Ra1 Rb4+ 31. Kc3 Rhb8 32. Bc2 R4b5 33. Rah1 Rxc5+ 34.
Kd2 Nf8 35. Ra1 Rcb5 36. Re2 Nd7 37. e4 d4 38. f5 e5 39. f6+ Kf7 40. Bd3 Rc5 41.
Bc4+ Rxc4 42. bxc4 Nc5 43. Rh1 Nxe4+ 44. Rxe4 Rxb2+ 45. Kc1 Ra2 46. Rxh7+ Kg8
47. Rg7+ Kf8 48. Rh4 1-0

[Event "Euro Online U2300 Day 1"]
[Site "chess.com INT"]
[Date "2020.05.25"]
[Round "5"]
[White "Budakova, Taulant"]
[Black "Vega Gomez, Francisco B."]
[Result "1-0"]
[BlackTitle "FM"]
[WhiteElo "2060"]
[BlackElo "2272"]
[WhiteFideId "4702204"]
[BlackFideId "2268086"]
[EventDate "2020.05.25"]

1. d4 Nf6 2. c4 g6 3. Nc3 d5 4. cxd5 Nxd5 5. e4 Nxc3 6. bxc3 Bg7 7. Bc4 c5 8.
Ne2 O-O 9. O-O Nc6 10. Be3 Qc7 11. Bd3 Rd8 12. Bc2 e5 13. d5 Na5 14. Bd3 c4 15.
Bc2 b6 16. Qd2 Nb7 17. f4 Nc5 18. fxe5 Bxe5 19. Bf4 Bd7 20. Nd4 b5 21. Rf2 Bxf4
22. Rxf4 Nd3 23. Bxd3 cxd3 24. Raf1 Be8 25. Qxd3 Rac8 26. R4f3 a6 27. Qe3 Qe5
28. Ne2 Rc4 29. Ng3 Rdc8 30. Qh6 Qg7 31. Qd2 Rxc3 32. Rf6 Rc2 33. Qf4 Rxa2 34.
Kh1 b4 35. e5 b3 36. Qb4 b2 37. e6 Qxf6 38. Rxf6 Rc1+ 39. Rf1 Raa1 40. exf7+
Bxf7 41. Qb8+ Kg7 42. Qxb2+ Kg8 43. Rxc1 1-0

[Event "Euro Online U2300 Day 1"]
[Site "chess.com INT"]
[Date "2020.05.25"]
[Round "5"]
[White "Davtyan, Artur"]
[Black "Kiolbasa, Oliwia"]
[Result "1-0"]
[WhiteTitle "IM"]
[BlackTitle "WIM"]
[WhiteElo "2461"]
[BlackElo "2160"]
[WhiteFideId "13308327"]
[BlackFideId "1154613"]
[EventDate "2020.05.25"]

1. d4 Nf6 2. c4 b6 3. Nc3 Bb7 4. d5 e6 5. a3 exd5 6. cxd5 Bd6 7. Nf3 O-O 8. Bg5
Qe7 9. e3 a5 10. Be2 Na6 11. O-O Nc5 12. Nd4 Nce4 13. Nxe4 Qxe4 14. Bf3 Qe7 15.
Bh4 g6 16. Nb5 Ba6 17. Nxd6 Qxd6 18. Re1 Rac8 19. Bg3 Qc5 20. Rc1 Qb5 21. Qd4
Ne8 22. Be2 Qxe2 23. Rxe2 Bxe2 24. b4 axb4 25. axb4 Bb5 26. h3 Ra8 27. Bxc7 1-0

[Event "Euro Online U2300 Day 1"]
[Site "chess.com INT"]
[Date "2020.05.25"]
[Round "5"]
[White "Tadic, Stefan"]
[Black "Hofer, Maximilian"]
[Result "1-0"]
[WhiteTitle "FM"]
[WhiteElo "2257"]
[BlackElo "2108"]
[WhiteFideId "958980"]
[BlackFideId "1625560"]
[EventDate "2020.05.25"]

1. e4 e5 2. Nf3 Nc6 3. Nc3 Nf6 4. Bb5 Nd4 5. Nxd4 exd4 6. e5 dxc3 7. exf6 Qxf6
8. dxc3 c6 9. Ba4 d5 10. Qxd5 Be7 11. O-O O-O 12. Qh5 Bd6 13. Be3 g6 14. Qh6 Re8
15. Bd4 Be5 16. Rae1 Bf5 17. Rxe5 Rxe5 18. f4 Qe7 19. Bxe5 f6 20. Bb3+ Kh8 21.
Qh4 Kg7 22. Bd4 c5 23. Re1 Qf8 24. Qxf6+ Qxf6 25. Re7+ 1-0

[Event "Euro Online U2300 Day 1"]
[Site "chess.com INT"]
[Date "2020.05.25"]
[Round "5"]
[White "Ozenir, Ekin Baris"]
[Black "Abdullayev, Azer"]
[Result "1-0"]
[WhiteTitle "IM"]
[WhiteElo "2309"]
[BlackElo "2039"]
[WhiteFideId "6357415"]
[BlackFideId "13403400"]
[EventDate "2020.05.25"]

1. d4 d5 2. c4 dxc4 3. e4 e5 4. Nf3 exd4 5. Qxd4 Qxd4 6. Nxd4 Nf6 7. Nc3 a6 8.
a4 Bc5 9. Be3 Ng4 10. Bxc4 Nxe3 11. fxe3 O-O 12. O-O Nc6 13. Nxc6 Bxe3+ 14. Kh1
bxc6 15. Rxf7 Rxf7 16. Rf1 Be6 17. Bxe6 Rf8 18. g3 g6 19. Kg2 Kg7 20. Bxf7 Rxf7
21. Rxf7+ Kxf7 22. Ne2 Ke6 23. Kf3 Bd2 24. Nd4+ Kd6 25. Ke2 Bc1 26. b3 Bb2 27.
Nf3 Kc5 28. Kd3 Kb4 29. Kc2 Bc3 30. e5 c5 31. e6 Bf6 32. Ne5 c4 33. Nc6+ Kc5 34.
e7 Bxe7 35. Nxe7 cxb3+ 36. Kxb3 Kd6 37. Ng8 Ke6 38. Kc4 h5 39. Kc5 Kf7 40. Kc6
Kxg8 41. Kxc7 g5 42. Kb6 h4 43. Kxa6 hxg3 44. hxg3 1-0

[Event "Euro Online U2300 Day 1"]
[Site "chess.com INT"]
[Date "2020.05.25"]
[Round "5"]
[White "Yakimova, Mariya"]
[Black "Medar, Marti"]
[Result "1-0"]
[WhiteTitle "WFM"]
[WhiteElo "2269"]
[BlackElo "2019"]
[WhiteFideId "34188859"]
[BlackFideId "4501870"]
[EventDate "2020.05.25"]

1. d4 c6 2. c4 d6 3. Nf3 Qc7 4. g3 Bg4 5. Bg2 Nd7 6. O-O Ngf6 7. Nc3 e5 8. d5
Be7 9. h3 Bh5 10. e4 Nc5 11. Re1 a5 12. Qc2 O-O 13. g4 Bg6 14. Nh4 cxd5 15. Nxg6
hxg6 16. Nxd5 Nxd5 17. cxd5 Rac8 18. Be3 Qd7 19. Qd2 b6 20. g5 f5 21. gxf6 gxf6
22. Kh2 Kh7 23. Rg1 f5 24. exf5 gxf5 25. Qe2 Qe8 26. Bf3 Rg8 27. Bh5 Qf8 28.
Rxg8 Qxg8 29. Rg1 Qxd5 30. Bg6+ Kg7 31. Bxf5+ 1-0

[Event "Euro Online U2300 Day 1"]
[Site "chess.com INT"]
[Date "2020.05.25"]
[Round "5"]
[White "Sernecki, Franciszek"]
[Black "Raeber, Markus"]
[Result "1-0"]
[WhiteTitle "FM"]
[WhiteElo "2243"]
[BlackElo "2237"]
[WhiteFideId "1169297"]
[BlackFideId "1302108"]
[EventDate "2020.05.25"]

1. e4 d6 2. d4 Nf6 3. Nc3 g6 4. f4 Bg7 5. Nf3 c5 6. dxc5 Qa5 7. Bd3 Qxc5 8. Qe2
Bg4 9. Be3 Qa5 10. O-O O-O 11. h3 Bxf3 12. Qxf3 Nc6 13. a3 Rac8 14. b4 Qd8 15.
Ne2 a6 16. Rad1 Nd7 17. g4 Nb6 18. Qf2 Na4 19. f5 Ne5 20. Bd4 Nxd3 21. cxd3 Bxd4
22. Nxd4 Nc3 23. Rd2 Qb6 24. Rc2 Nb5 25. Nxb5 Qxf2+ 26. Rfxf2 axb5 27. Kf1 Kg7
28. g5 f6 29. gxf6+ Kxf6 30. fxg6+ Kxg6 31. Rxf8 Rxc2 32. Rb8 Rc7 33. Kf2 Kg7
34. Ke3 e5 35. Rd8 Rc3 36. Rxd6 Rxa3 37. Rd7+ Kf6 38. Rxb7 Ra1 39. Rb6+ Kg5 40.
Rxb5 Re1+ 41. Kf2 Rb1 42. Rxe5+ Kh4 43. b5 h5 44. Ke3 Re1+ 45. Kd4 Rb1 46. Rf5
Rb4+ 47. Kc5 Rb3 48. Kc4 Rb1 49. d4 Rh1 50. b6 Rxh3 51. b7 Rh1 52. b8=Q Rc1+ 53.
Kd5 1-0

[Event "Euro Online U2300 Day 1"]
[Site "chess.com INT"]
[Date "2020.05.25"]
[Round "5"]
[White "Mitic, Milan"]
[Black "Kanyamarala, Trisha"]
[Result "0-1"]
[BlackTitle "WIM"]
[WhiteElo "1993"]
[BlackElo "2193"]
[WhiteFideId "945560"]
[BlackFideId "45004722"]
[EventDate "2020.05.25"]

1. f4 e5 2. fxe5 d6 3. exd6 Bxd6 4. Nf3 Nf6 5. d4 Bg4 6. Bg5 h6 7. Bxf6 Qxf6 8.
e4 Bxf3 9. gxf3 Qh4+ 10. Ke2 O-O 11. Nd2 Nd7 12. Qe1 Qf4 13. Nc4 Rfe8 14. Nxd6
cxd6 15. Qg3 Rxe4+ 16. fxe4 Qxe4+ 17. Kd2 Qxh1 18. Qxd6 Nf6 19. Qc7 Ne4+ 20. Ke3
Re8 21. Qxf7+ Kxf7 22. Bc4+ Kf6 23. Rxh1 Ng3+ 24. Kf2 Nxh1+ 25. Kf1 Re4 26. Kg2
Rxd4 27. Bd3 Rb4 28. b3 Ke5 29. Kxh1 Kd4 30. Kg2 Kc3 31. Kg3 Rd4 32. Bh7 Rd6 33.
Be4 b6 34. h4 Re6 35. Bf5 Rf6 36. Be4 g6 37. Kg4 Rd6 38. a4 Rd4 39. Kf3 Rxe4 40.
Kxe4 Kxc2 41. Ke5 g5 42. h5 g4 43. Kf4 Kxb3 44. Kxg4 Kxa4 45. Kf5 b5 46. Kg6 b4
47. Kxh6 b3 48. Kg5 b2 49. h6 b1=Q 50. h7 Qxh7 0-1

[Event "Euro Online U2300 Day 1"]
[Site "chess.com INT"]
[Date "2020.05.25"]
[Round "5"]
[White "Eren, Ataberk"]
[Black "Zverev, Lev"]
[Result "1-0"]
[WhiteTitle "FM"]
[BlackTitle "CM"]
[WhiteElo "2321"]
[BlackElo "2087"]
[WhiteFideId "6349765"]
[BlackFideId "24250775"]
[EventDate "2020.05.25"]

1. d4 Nf6 2. Nf3 d5 3. Bf4 e6 4. e3 Bd6 5. Bg3 O-O 6. Bd3 c5 7. c3 Qc7 8. Ne5
Nbd7 9. f4 Ne4 10. Nd2 f5 11. O-O Ndf6 12. Bh4 b6 13. Ndf3 Bb7 14. Rc1 Be7 15.
h3 Nh5 16. Bxe4 dxe4 17. Ng5 Bxg5 18. Qxh5 Bxh4 19. Qxh4 cxd4 20. cxd4 Qd6 21.
Rf2 Rac8 22. Rfc2 Rxc2 23. Rxc2 h6 24. Kh2 Kh7 25. Qh5 Kg8 26. Qg6 Qe7 27. Qg3
Qd6 28. Qe1 Bd5 29. a3 Kh7 30. Qc3 a5 31. Qc7 Qxc7 32. Rxc7 b5 33. h4 h5 34. Nf7
b4 35. Ng5+ Kg6 36. Ra7 b3 37. Rxa5 Rc8 38. Rc5 Ra8 39. Rc1 Ra7 40. Kg3 Ra6 41.
Kf2 Ra4 42. Ke1 Ra6 43. Kd2 Ra7 44. Rc5 Ra6 45. Nh3 Kf6 46. Nf2 Ke7 47. Nd1 Rb6
48. Nc3 Bb7 49. Rc7+ Kf6 50. Rc5 Ke7 51. Rb5 Rxb5 52. Nxb5 Bc6 53. Nc3 Kd6 54.
Ne2 Bd5 55. Kc3 Kc6 56. Nc1 Kb5 57. Nxb3 g6 58. Nc5 Ka5 59. Nd7 Kb5 60. Ne5 1-0

[Event "Euro Online U2300 Day 1"]
[Site "chess.com INT"]
[Date "2020.05.25"]
[Round "5"]
[White "Popadic, Dragan"]
[Black "Samaridis, Konstantinos"]
[Result "0-1"]
[WhiteTitle "FM"]
[WhiteElo "2180"]
[BlackElo "2105"]
[WhiteFideId "913650"]
[BlackFideId "4262867"]
[EventDate "2020.05.25"]

1. e4 e5 2. Nf3 Nc6 3. Bb5 a6 4. Ba4 Nf6 5. O-O Be7 6. Re1 b5 7. Bb3 O-O 8. a4
Bb7 9. d3 d6 10. c3 Nd7 11. Nbd2 Nc5 12. Bc2 bxa4 13. Nf1 Nb3 14. Bxb3 axb3 15.
Qxb3 Rb8 16. Qc2 Bf6 17. Ng3 g6 18. Bh6 Re8 19. Ra2 a5 20. h3 Bc8 21. Raa1 Be6
22. Bc1 d5 23. Qa4 Qd7 24. exd5 Bxd5 25. Ne4 Bg7 26. c4 Bxe4 27. dxe4 Rb4 28.
Qc2 Qe6 29. b3 Reb8 30. Ra3 Bf8 31. Re3 Bc5 32. Rd3 R4b6 33. Ng5 Qe7 34. Rf3 f6
35. Ra1 Nd4 36. Qd1 fxg5 37. Rg3 h6 38. Rb1 a4 39. b4 Rxb4 40. Rxb4 Rxb4 41. Kh2
Rb3 42. Be3 Ne6 43. h4 Bxe3 44. fxe3 Kg7 45. Qd5 Nf8 46. hxg5 hxg5 47. Rf3 a3
48. Qa5 g4 49. Rf1 Rb2 50. Qc3 Qh4+ 51. Kg1 Qg3 52. Qxe5+ Qxe5 0-1

[Event "Euro Online U2300 Day 1"]
[Site "chess.com INT"]
[Date "2020.05.25"]
[Round "5"]
[White "Simonovic, Miroslav"]
[Black "Rahal, Michael A"]
[Result "0-1"]
[WhiteTitle "CM"]
[BlackTitle "IM"]
[WhiteElo "2129"]
[BlackElo "2333"]
[WhiteFideId "919152"]
[BlackFideId "404691"]
[EventDate "2020.05.25"]

1. d4 e6 2. h4 c5 3. c3 Nc6 4. Nf3 d5 5. Bg5 Qb6 6. b3 cxd4 7. Nxd4 e5 8. Nxc6
bxc6 9. e4 Bc5 10. Qd2 f6 11. b4 Bxf2+ 12. Qxf2 Qxf2+ 13. Kxf2 fxg5 14. hxg5 Ne7
15. Nd2 O-O+ 16. Ke3 Be6 17. Bd3 Rad8 18. c4 Bg4 19. Raf1 d4# 0-1

[Event "Euro Online U2300 Day 1"]
[Site "chess.com INT"]
[Date "2020.05.25"]
[Round "5"]
[White "Stamatovic, Aleksandar"]
[Black "Osipov, Aleksandr"]
[Result "1/2-1/2"]
[WhiteElo "2165"]
[BlackElo "2030"]
[WhiteFideId "928526"]
[BlackFideId "44154364"]
[EventDate "2020.05.25"]

1. e4 c5 2. Nf3 e6 3. c3 d5 4. exd5 Qxd5 5. d4 Nf6 6. Be3 cxd4 7. Qxd4 Qh5 8.
Be2 Nc6 9. Qh4 Qg6 10. O-O Be7 11. Qg3 Qxg3 12. hxg3 O-O 13. Nbd2 e5 14. Ng5 Bf5
15. Bf3 Rfd8 16. Nge4 Ng4 17. Bxg4 Bxg4 18. f3 Bf5 19. g4 Be6 20. b3 Rd3 21.
Rfe1 Rad8 22. Kf2 g6 23. g5 R8d7 24. g4 Bd5 25. Rac1 Nd8 26. Ke2 Bxe4 27. Nxe4
Ne6 28. Rc2 h6 29. gxh6 f5 30. gxf5 gxf5 31. Nf2 Rxe3+ 32. Kxe3 Nf4 33. b4 Ng2+
34. Ke2 Nxe1 35. Kxe1 Kh7 36. Re2 Bf6 37. Nd1 Kxh6 38. Ne3 Bh4+ 39. Kf1 Kg5 40.
Nc4 Rd1+ 41. Kg2 Kf4 42. Nxe5 Bf6 43. Ng6+ Kg5 44. Ne5 Kf4 45. Ng6+ Kg5 46. Ne7
Bxc3 47. b5 Rb1 48. a4 Ra1 49. Nd5 Bd4 50. Re7 Rxa4 51. Rxb7 Ra2+ 52. Kh3 Be5
53. f4+ Bxf4 54. Rg7+ Kh6 55. Rg2 Rxg2 56. Kxg2 Bd6 57. Kf3 Kg6 58. b6 a5 59. b7
a4 60. Nc3 a3 61. Nb5 a2 62. Nxd6 a1=Q 63. b8=Q Qc3+ 64. Ke2 Qc2+ 65. Ke3 Qc3+
66. Ke2 Qc2+ 67. Ke1 Qc1+ 68. Ke2 Qc2+ 1/2-1/2

[Event "Euro Online U2300 Day 1"]
[Site "chess.com INT"]
[Date "2020.05.25"]
[Round "5"]
[White "Krivenko, Sergey"]
[Black "Trickov, Vasil"]
[Result "0-1"]
[BlackTitle "IM"]
[WhiteElo "2279"]
[BlackElo "2319"]
[WhiteFideId "24124753"]
[BlackFideId "311103"]
[EventDate "2020.05.25"]

1. e4 c5 2. Nc3 Nc6 3. g3 g6 4. Bg2 Bg7 5. d3 d6 6. f4 e6 7. Nf3 Nge7 8. Be3 Nd4
9. Bf2 Nxf3+ 10. Bxf3 Bd7 11. O-O Qb6 12. e5 dxe5 13. Ne4 exf4 14. Nxc5 fxg3 15.
hxg3 Qc7 16. Bxb7 Rb8 17. Qf3 Bc6 18. Bxc6+ Qxc6 19. Ne4 f5 20. Bxa7 Rxb2 21.
Ng5 Rb7 22. Nxe6 Bxa1 0-1